| 000 -LEADER |
| fixed length control field |
00530nam a22001697a 4500 |
| 005 - DATE AND TIME OF LATEST TRANSACTION |
| control field |
20231011095959.0 |
| 008 - FIXED-LENGTH DATA ELEMENTS--GENERAL INFORMATION |
| fixed length control field |
231010s2000 enk||||| |||| 00| 0 eng d |
| 020 ## - INTERNATIONAL STANDARD BOOK NUMBER |
| International Standard Book Number |
9759551500 |
| 041 ## - LANGUAGE CODE |
| Language code of text/sound track or separate title |
eng |
| 080 ## - UNIVERSAL DECIMAL CLASSIFICATION NUMBER |
| Universal Decimal Classification number |
94(560) C-58 |
| 100 ## - MAIN ENTRY--PERSONAL NAME |
| Personal name |
Çilingiroğlu, Altan |
| 9 (RLIN) |
20052 |
| 245 ## - TITLE STATEMENT |
| Title |
The History of the Kingdom of Van, Urartu / |
| Statement of responsibility, etc. |
Altan Çilingiroğlu. |
| 264 ## - PRODUCTION, PUBLICATION, DISTRIBUTION, MANUFACTURE, AND COPYRIGHT NOTICE |
| Place of production, publication, distribution, manufacture |
Izmir, |
| Date of production, publication, distribution, manufacture, or copyright notice |
1988. |
| 300 ## - PHYSICAL DESCRIPTION |
| Extent |
55 p.: |
| Other physical details |
ill.; |
| Dimensions |
24 cm. |
| 653 ## - INDEX TERM--UNCONTROLLED |
| keyword |
ვანის სამეფოს ისტორია, ურარტუ |
| 942 ## - ADDED ENTRY ELEMENTS (KOHA) |
| Source of classification or shelving scheme |
|
| Koha item type |
წიგნი |